The British population : (Record no. 7577)

MARC details
000 -LEADER
fixed length control field 00728nac a22002051u 4500
010 ## - LIBRARY OF CONGRESS CONTROL NUMBER
LC control number 90045808
020 ## - INTERNATIONAL STANDARD BOOK NUMBER
International Standard Book Number 0198740972
082 00 - DEWEY DECIMAL CLASSIFICATION NUMBER
Classification number 304.60941
Item number COL
090 ## - LOCALLY ASSIGNED LC-TYPE CALL NUMBER (OCLC); LOCAL CALL NUMBER (OCLC)
-- 7577
-- 7577
100 ## - MAIN ENTRY--PERSONAL NAME
Personal name Coleman, D. A.
245 14 - TITLE STATEMENT
Title The British population :
Remainder of title patterns, trends, and processes /
Statement of responsibility, etc David Coleman and John Salt.
260 ## - PUBLICATION, DISTRIBUTION, ETC. (IMPRINT)
Place of publication, distribution, etc New York :
Name of publisher, distributor, etc Oxford University Press,1992
Date of publication, distribution, etc 1992.
300 ## - PHYSICAL DESCRIPTION
Extent xxvi, 680 p. :
Other physical details ill. ;
Dimensions 25 cm.
500 ## - GENERAL NOTE
General note distributer: Al-Ahram
504 ## - BIBLIOGRAPHY, ETC. NOTE
Bibliography, etc Includes bibliographical references (p. [567]-637) and indexes.
511 ## - PARTICIPANT OR PERFORMER NOTE
Participant or performer note catalogued by: wessam
651 #0 - SUBJECT ADDED ENTRY--GEOGRAPHIC NAME
Geographic name Great Britain
General subdivision Population.
700 1# - ADDED ENTRY--PERSONAL NAME
Personal name Salt, John,
Dates associated with a name 1942-
942 ## - ADDED ENTRY ELEMENTS (KOHA)
Item type Book - Borrowing
Call number prefix 304.60941COL
Holdings
Withdrawn status Item status Damaged status Not for loan Home library Current library Shelving location Date acquired Source of acquisition Total Checkouts Full call number Barcode Date last seen Koha item type
        Central Library Central Library First floor 29/01/2008 Purchase   304.60941COL 000008959 15/07/2025 Book - Borrowing